[Event "Titled Tue 17th Jun Early"]
[Site "chess.com INT"]
[Date "2025.06.17"]
[Round "2"]
[White "Palmer, Reegan"]
[Black "Bozorov, Javohir"]
[Result "0-1"]
[WhiteTitle "CM"]
[BlackTitle "FM"]
[WhiteElo "2058"]
[BlackElo "2039"]
[WhiteFideId "14322145"]
[BlackFideId "14216957"]
[EventDate "2025.06.17"]

1. e4 c5 2. b3 Nc6 3. Bb2 d5 4. exd5 Qxd5 5. Nc3 Qg5 6. Nf3 Qh5 7. Be2 Nf6 8.
O-O g5 9. Nb5 g4 10. Nc7+ Kd8 11. Nxa8 gxf3 12. Bxf3 Bg4 13. Bxg4 Qxg4 14. Qxg4
Nxg4 15. Bxh8 f6 16. h3 Nh6 17. d4 Nxd4 18. Rad1 Kc8 19. c3 Nc6 20. Rfe1 Ng8 21.
Rd3 Nd8 22. Rg3 Nh6 23. Bg7 Bxg7 24. Rxg7 Nf5 25. Rg8 Kd7 26. Rd1+ Nd6 27. Rg3
Nc6 28. c4 Nd4 29. Rg7 h5 30. g4 h4 31. Kg2 f5 32. g5 f4 33. Rxd4 cxd4 34. Kf3
d3 35. g6 Nf5 36. Rf7 Nd4+ 37. Kxf4 d2 38. g7 Ne6+ 39. Kf5 Nxg7+ 40. Rxg7 d1=Q
41. Rg4 Qf3+ 42. Kg5 Qxh3 43. Rxh4 Qg2+ 44. Rg4 Qxf2 45. a4 Qf8 46. Rd4+ Kc6 47.
b4 Qf6+ 0-1

[Event "Titled Tue 17th Jun Early"]
[Site "chess.com INT"]
[Date "2025.06.17"]
[Round "2"]
[White "Bukreev, Stanislav"]
[Black "Chylewski, Patryk"]
[Result "1-0"]
[WhiteTitle "FM"]
[BlackTitle "IM"]
[WhiteElo "2305"]
[BlackElo "2313"]
[WhiteFideId "34252347"]
[BlackFideId "1186191"]
[EventDate "2025.06.17"]

1. d4 Nf6 2. c4 e6 3. Nf3 d5 4. Nc3 a6 5. cxd5 exd5 6. Bg5 Be6 7. e3 Nbd7 8. Bd3
Bd6 9. h3 c6 10. Bf4 Qc7 11. Bxd6 Qxd6 12. O-O O-O 13. Qc2 a5 14. Rfc1 Rfe8 15.
Nd2 h6 16. Na4 Qe7 17. Nc5 Nxc5 18. Qxc5 Qxc5 19. dxc5 d4 20. exd4 Rad8 21. Nf3
Bd5 22. Ne5 Be4 23. Bxe4 Nxe4 24. Rd1 Rd5 25. Nc4 Red8 26. Nxa5 Rxd4 27. Rxd4
Rxd4 28. Nxb7 Rb4 29. Nd8 Rxb2 30. Nxc6 Nxc5 31. a4 Rb6 32. Ne7+ Kf8 33. a5 Ra6
34. Nd5 Nb3 35. Rb1 Rxa5 36. Nc7 Ra1 37. Rxa1 Nxa1 38. Kf1 Nb3 39. Ke2 Ke7 40.
Ke3 Nc5 41. f4 Kd6 42. Ne8+ Ke6 43. Nxg7+ Kf6 44. Nh5+ Kg6 45. Ng3 Nd7 46. Kf3
f5 47. Ne2 Kf6 48. Ke3 Nc5 49. Kd4 Ne6+ 50. Kd5 Nc7+ 51. Kd6 Nb5+ 52. Kc5 Nc7
53. Nd4 h5 54. Kd6 Na6 55. Nc6 h4 56. Kd5 Nc7+ 57. Kd4 Ne6+ 58. Ke3 Nc5 59. Nd4
Nd7 60. Nf3 Nb6 61. Nxh4 Nd5+ 62. Kf3 Nb4 63. g3 Nd3 64. Ng2 Nc1 65. Ne3 Nb3 66.
g4 Nd4+ 67. Kg3 Ne2+ 68. Kf3 Nd4+ 69. Kf2 Ne6 70. Kg3 Nd4 71. Nxf5 Ne2+ 72. Kf3
Ng1+ 73. Kg2 Ne2 74. Kf3 Ng1+ 75. Ke3 Nxh3 76. Nh4 Ng1 77. Nf3 Nh3 78. Nd4 Kg6
79. Ne2 1-0

[Event "Titled Tue 17th Jun Early"]
[Site "chess.com INT"]
[Date "2025.06.17"]
[Round "2"]
[White "Reshetnikov, Alexey"]
[Black "Loskutova, Viktoriya"]
[Result "1-0"]
[WhiteTitle "IM"]
[BlackTitle "WFM"]
[WhiteElo "2492"]
[BlackElo "2092"]
[WhiteFideId "4162080"]
[BlackFideId "34166278"]
[EventDate "2025.06.17"]

1. d4 Nf6 2. c4 g6 3. Nc3 Bg7 4. e4 d6 5. Nf3 O-O 6. Be2 Na6 7. O-O e5 8. Qc2
exd4 9. Nxd4 Re8 10. Rd1 Nb4 11. Qb1 Qe7 12. f3 Nh5 13. Be3 Qh4 14. Bf2 Qg5 15.
Kh1 Nf4 16. Bf1 h5 17. Qc1 Bh6 18. Be3 Kh7 19. a3 Nbd3 20. Rxd3 Nxd3 21. Bxg5
Nxc1 22. Bxh6 Kxh6 23. Rxc1 c6 24. Rd1 Be6 25. Kg1 Rad8 26. Kf2 d5 27. exd5 cxd5
28. c5 Rc8 29. b4 a5 30. Ncb5 Red8 31. Nd6 Rc7 32. Nxe6 fxe6 33. Re1 axb4 34.
axb4 Re7 35. Rxe6 Rxe6 36. Nf7+ Kg7 37. Nxd8 Re7 38. Bb5 Kf6 39. c6 bxc6 40.
Nxc6 Rb7 41. Nd4 Ke5 42. Ke3 Kd6 43. Bd3 Ra7 44. Nb5+ 1-0

[Event "Titled Tue 17th Jun Early"]
[Site "chess.com INT"]
[Date "2025.06.17"]
[Round "2"]
[White "Chan, Kim Yew"]
[Black "Topencik, Bruno"]
[Result "1-0"]
[WhiteTitle "FM"]
[BlackTitle "FM"]
[WhiteElo "2304"]
[BlackElo "2276"]
[WhiteFideId "5717981"]
[BlackFideId "23716550"]
[EventDate "2025.06.17"]

1. e4 c5 2. Nf3 d6 3. d4 cxd4 4. Nxd4 Nf6 5. Nc3 Nc6 6. Bg5 e6 7. Qd2 a6 8.
O-O-O Bd7 9. f4 Be7 10. Kb1 b5 11. Bxf6 gxf6 12. Nxc6 Bxc6 13. f5 Qb6 14. Bd3
O-O-O 15. Rhe1 Rhg8 16. Nd5 Bxd5 17. exd5 e5 18. c4 b4 19. g3 a5 20. Bc2 Kb8 21.
Ba4 Rg5 22. Rf1 Bf8 23. Qg2 Qe3 24. Ka1 h5 25. c5 Qxc5 26. Rc1 Qa7 27. Qe2 Qb7
28. Bc6 Qb6 29. Bb5 Rc8 30. Rxc8+ Kxc8 31. Rc1+ Kd8 32. a4 Rxf5 33. Rc6 Qf2 34.
Qc4 Qe1+ 35. Ka2 b3+ 36. Qxb3 Rf2 37. Ba6 f5 38. Qb8+ Ke7 39. Rc7+ Kf6 40. Qd8+
Kg7 41. Qg5+ Kh7 42. Qxh5+ Kg8 43. Qxf7+ Kh8 44. Qh7# 1-0

[Event "Titled Tue 17th Jun Early"]
[Site "chess.com INT"]
[Date "2025.06.17"]
[Round "2"]
[White "Villa Tornero, Alex"]
[Black "Xue, Haowen"]
[Result "1-0"]
[WhiteTitle "FM"]
[BlackTitle "GM"]
[WhiteElo "2211"]
[BlackElo "2518"]
[WhiteFideId "54501091"]
[BlackFideId "8625492"]
[EventDate "2025.06.17"]

1. e4 Nf6 2. e5 Nd5 3. c4 Nb6 4. d4 d6 5. exd6 exd6 6. Nc3 Be7 7. Bd3 Nc6 8.
Nge2 Bg4 9. f3 Bh5 10. O-O O-O 11. Be3 Nb4 12. Nf4 Nxd3 13. Qxd3 Bg6 14. Nxg6
hxg6 15. Rae1 Bf6 16. d5 Nd7 17. Bd4 Ne5 18. Bxe5 Bxe5 19. f4 Bf6 20. b3 Re8 21.
Ne4 a5 22. a4 Bb2 23. Re2 Ba3 24. f5 gxf5 25. Rxf5 Qh4 26. g3 Qh6 27. Rf4 Re5
28. Qf3 Rf8 29. Kg2 f5 30. g4 g6 31. gxf5 Rfxf5 32. Rxf5 Rxf5 33. Nf6+ Kf7 34.
Qe4 Qg5+ 35. Ng4 Re5 36. Qf3+ Ke7 37. Rf2 Rf5 38. Qe4+ Kf8 39. Rf3 Rxf3 40.
Qxf3+ Kg7 41. Kg3 Bb2 42. Qe4 Be5+ 43. Kf3 Qh5 44. Kg2 Qg5 45. Kf3 Bc3 46. Qe6
Qf5+ 47. Qxf5 gxf5 48. Ne3 Kg6 49. h3 Be5 50. Ng2 Kg5 51. Nf4 Bxf4 52. h4+ Kxh4
53. Kxf4 Kh3 54. Kxf5 Kg3 55. Ke6 Kf4 56. Kd7 Ke4 57. Kxc7 1-0

[Event "Titled Tue 17th Jun Early"]
[Site "chess.com INT"]
[Date "2025.06.17"]
[Round "2"]
[White "Reprintsev, Alexander"]
[Black "Junior, Liduino F Vasconcelos"]
[Result "1-0"]
[WhiteTitle "IM"]
[WhiteElo "2256"]
[BlackElo "2047"]
[WhiteFideId "14100541"]
[BlackFideId "2109913"]
[EventDate "2025.06.17"]

1. e4 e6 2. Nf3 d5 3. e5 c5 4. b4 cxb4 5. a3 Nc6 6. axb4 Bxb4 7. c3 Ba5 8. d4
Nge7 9. Bd3 Nf5 10. Ba3 b6 11. O-O Bd7 12. Nfd2 Nce7 13. Nb3 O-O 14. Nxa5 bxa5
15. Bxf5 exf5 16. Nd2 Rc8 17. Qf3 Re8 18. Rfe1 Ng6 19. g3 f4 20. Qxd5 Bc6 21.
Qxd8 Rcxd8 22. Bc5 fxg3 23. hxg3 Nxe5 24. Rxa5 Nd3 25. Rea1 Re2 26. d5 Rxd5 27.
Be3 Nxf2 28. Rxd5 Bxd5 29. Bxf2 Rxd2 30. Bxa7 Rg2+ 31. Kf1 g6 32. Bf2 Rh2 33.
Ra5 Rh1+ 34. Ke2 Be6 35. Rc5 Kg7 36. Bd4+ Kh6 37. Rc7 Kh5 38. Be5 Kg4 39. c4 Rc1
40. c5 1-0

[Event "Titled Tue 17th Jun Early"]
[Site "chess.com INT"]
[Date "2025.06.17"]
[Round "2"]
[White "Ozen, Batuhan"]
[Black "Leiva, Gianmarco"]
[Result "1-0"]
[WhiteTitle "CM"]
[BlackTitle "IM"]
[WhiteElo "2128"]
[BlackElo "2387"]
[WhiteFideId "6345123"]
[BlackFideId "3804399"]
[EventDate "2025.06.17"]

1. c4 e6 2. g3 d5 3. Bg2 Nf6 4. Nf3 d4 5. O-O Nc6 6. Na3 e5 7. d3 h6 8. Rb1 Be7
9. b4 Nxb4 10. Nxe5 Nxa2 11. Qa4+ c6 12. Nxc6 bxc6 13. Qxc6+ Bd7 14. Qxa8 Qxa8
15. Bxa8 O-O 16. Bf3 Nxc1 17. Nc2 Na2 18. Ra1 Nb4 19. Nxd4 a6 20. Rfb1 Ng4 21.
Be4 Ne5 22. Nf5 Bxf5 23. Bxf5 g6 24. Be4 f5 25. Bb7 Rf6 26. d4 Nxc4 27. Rxb4 Nd6
28. Bd5+ Kg7 29. Rb6 a5 30. e3 Bd8 31. Rc6 g5 32. Kg2 f4 33. gxf4 gxf4 34. e4
f3+ 35. Kf1 Rg6 36. e5 Nf5 37. Rxg6+ Kxg6 38. Be4 Kg5 39. Bxf5 Kxf5 40. Re1 a4
41. Ra1 Bb6 42. Rxa4 Ke4 43. e6 Kd5 44. e7 Bc5 1-0

[Event "Titled Tue 17th Jun Early"]
[Site "chess.com INT"]
[Date "2025.06.17"]
[Round "2"]
[White "Sarana, Alexey"]
[Black "Mullodzhanov, Nathaniel"]
[Result "1-0"]
[WhiteTitle "GM"]
[WhiteElo "2686"]
[BlackElo "1927"]
[WhiteFideId "24133795"]
[BlackFideId "30961580"]
[EventDate "2025.06.17"]

1. d4 Nf6 2. c4 g6 3. Nc3 Bg7 4. e4 d6 5. Be2 O-O 6. Be3 e5 7. d5 a5 8. h3 Na6
9. Nf3 Nc5 10. Qc2 c6 11. Nd2 cxd5 12. cxd5 Bd7 13. O-O a4 14. Bxc5 dxc5 15. Bb5
Bxb5 16. Nxb5 Qd7 17. Qd3 Bh6 18. Nf3 Rfe8 19. Nc3 Rac8 20. Rad1 c4 21. Qc2 b5
22. a3 Bf8 23. Rfe1 Bc5 24. Na2 Qd6 25. Qc3 Nd7 26. Nb4 Bxb4 27. axb4 Nb8 28.
Qe3 Na6 29. Qh6 Qf8 30. Qg5 Nxb4 31. d6 Rcd8 32. Nh4 Nd3 33. Re3 Rxd6 34. Nf5 f6
35. Qg4 Rdd8 36. h4 Kh8 37. Ng3 Nxb2 38. Rb1 Rd2 39. h5 Qh6 40. hxg6 Qxg6 41.
Qh3 Nd1 42. Rf3 c3 43. Nf1 Rd4 44. Rg3 Qf7 45. Rxb5 c2 46. Rc5 Rc4 47. Rxc4 Qxc4
48. Qd7 Rg8 49. Rh3 Rxg2+ 50. Kxg2 Qg8+ 51. Rg3 Qxg3+ 52. Nxg3 c1=Q 53. Qd8+ Kg7
54. Nf5+ Kg6 55. Qg8+ Kh5 56. Qxh7+ Kg4 57. Qh4# 1-0

[Event "Titled Tue 17th Jun Early"]
[Site "chess.com INT"]
[Date "2025.06.17"]
[Round "2"]
[White "Jasinski, Alexander"]
[Black "Wan, Yunguo"]
[Result "1/2-1/2"]
[BlackTitle "GM"]
[WhiteElo "1989"]
[BlackElo "2501"]
[WhiteFideId "55627994"]
[BlackFideId "8603189"]
[EventDate "2025.06.17"]

1. e4 c5 2. Nf3 e6 3. g3 d5 4. exd5 exd5 5. d4 Nc6 6. Bg2 Bg4 7. O-O Nxd4 8.
Qe1+ Be7 9. Nxd4 cxd4 10. Qe5 Nf6 11. Qxd4 O-O 12. Nc3 Be6 13. Bg5 a6 14. Rad1
Rc8 15. Qd3 h6 16. Bxf6 Bxf6 17. Nxd5 Bxb2 18. Rb1 Bxd5 19. Bxd5 Qf6 20. Bxb7
Rc7 21. Qxa6 Qxa6 22. Bxa6 Rxc2 23. a4 Bd4 24. Bb5 Rfc8 25. a5 Ra2 26. Rb4 Bc3
27. Rf4 Rxa5 28. Bc4 Ra7 29. Rc1 g5 30. Re4 Ra1 31. Rxa1 Bxa1 32. Kg2 Kg7 33.
Be2 Rc2 34. Bf3 Rd2 35. Re7 Bd4 36. Re2 Rd3 37. Be4 Ra3 38. h4 gxh4 39. gxh4 h5
40. f3 Bf6 41. Kg3 Ra1 42. Rc2 Rh1 43. Rc5 Rxh4 44. Kg2 Be7 45. Rf5 Bd6 46. Rd5
Bf4 47. Rf5 Bb8 48. Rb5 Rh2+ 49. Kg1 Bf4 50. Rf5 Bd6 51. Rd5 Bc7 52. Rc5 Bb6 53.
Kxh2 Bxc5 54. Kh3 Kh6 55. Bd5 f6 56. Bc6 Kg5 57. Bd5 Kf4 58. Bc6 Bd4 59. Bb7 Bf2
60. Bc6 Be1 61. Bb7 Bf2 62. Bc6 Be1 63. Be4 Bf2 64. Ba8 Be1 65. Bb7 Bf2 1/2-1/2

[Event "Titled Tue 17th Jun Early"]
[Site "chess.com INT"]
[Date "2025.06.17"]
[Round "2"]
[White "Iskusnyh, Sergei"]
[Black "Vihaan Dumir"]
[Result "1-0"]
[WhiteTitle "GM"]
[BlackTitle "CM"]
[WhiteElo "2440"]
[BlackElo "2230"]
[WhiteFideId "4120027"]
[BlackFideId "25901010"]
[EventDate "2025.06.17"]

1. d4 Nf6 2. c4 e6 3. g3 Bb4+ 4. Bd2 Qe7 5. Bg2 O-O 6. e3 Nc6 7. Ne2 Bxd2+ 8.
Nxd2 d6 9. O-O e5 10. d5 Nb8 11. Nc3 a5 12. a3 Na6 13. b4 axb4 14. axb4 Bd7 15.
Rb1 Rfc8 16. e4 c5 17. dxc6 bxc6 18. Qc2 Nc7 19. Rfd1 Ne6 20. Nb3 Rab8 21. Na5
Nd4 22. Qd3 Bg4 23. f3 Bh5 24. Ne2 Nxe2+ 25. Qxe2 d5 26. exd5 cxd5 27. g4 Bg6
28. g5 Nh5 29. cxd5 Nf4 30. Qd2 Qxg5 31. Rb2 Bd3 32. Nc6 Ra8 33. Re1 f6 34. Ne7+
Kh8 35. Nxc8 Rxc8 36. Kh1 h5 37. Bf1 Bf5 38. d6 h4 39. b5 h3 40. b6 Rb8 41. b7
Bd7 42. Rc1 Kh7 43. Rc7 Qf5 44. Qf2 1-0

[Event "Titled Tue 17th Jun Early"]
[Site "chess.com INT"]
[Date "2025.06.17"]
[Round "2"]
[White "Akshit, Kumar J"]
[Black "Zlatin, Alexander"]
[Result "0-1"]
[WhiteTitle "CM"]
[BlackTitle "FM"]
[WhiteElo "2074"]
[BlackElo "2313"]
[WhiteFideId "25097431"]
[BlackFideId "2810549"]
[EventDate "2025.06.17"]

1. e4 e6 2. d4 d5 3. Nc3 dxe4 4. Nxe4 Nf6 5. Nxf6+ Qxf6 6. Nf3 h6 7. Be3 Bd6 8.
Qd2 O-O 9. O-O-O b6 10. Bd3 Bb7 11. h4 Nc6 12. Kb1 Nb4 13. Bg5 Bxf3 14. Bxf6
Bxd1 15. Rxd1 Nxd3 16. cxd3 gxf6 17. Qxh6 f5 18. g4 fxg4 19. Qf6 Kh7 20. Rg1 g3
21. f4 Rg8 22. Qxf7+ Rg7 23. Qxe6 Rf8 24. f5 g2 25. f6 Rg6 26. Rxg2 Rxg2 27.
Qe4+ Rg6 28. h5 Rxf6 29. Kc2 Kg7 30. hxg6 Rxg6 31. Kc3 a5 32. a4 Rf6 33. Qb7 Kf7
34. Kc4 Ke7 35. Qd5 Rf4 36. Qg5+ Kd7 37. Qg7+ Kc8 38. Qg8+ Rf8 39. Qd5 Kb8 40.
Kb5 Rf6 41. Qg8+ Kb7 42. d5 Rf4 0-1

[Event "Titled Tue 17th Jun Early"]
[Site "chess.com INT"]
[Date "2025.06.17"]
[Round "2"]
[White "Mafra, Kaiser Luiz"]
[Black "Smieszek, Wojciech"]
[Result "0-1"]
[WhiteTitle "CM"]
[BlackTitle "CM"]
[WhiteElo "2076"]
[BlackElo "2141"]
[WhiteFideId "2106698"]
[BlackFideId "1156047"]
[EventDate "2025.06.17"]

1. e4 c5 2. d4 cxd4 3. c3 d3 4. Bxd3 Nc6 5. Nf3 g6 6. c4 Bg7 7. Nc3 d6 8. Bd2
Nf6 9. h3 O-O 10. O-O Bd7 11. a3 Rc8 12. Rc1 a6 13. Qe2 Ne8 14. Rfd1 Nc7 15. b4
Ne6 16. Be3 Ncd4 17. Nxd4 Nxd4 18. Bxd4 Bxd4 19. Nd5 Be6 20. Nf4 Be5 21. Nxe6
fxe6 22. Qg4 Rf6 23. c5 Qf8 24. Bc4 h5 25. Qe2 Kg7 26. Qa2 Qf7 27. g3 g5 28. Bb3
Rf8 29. Rf1 Bxg3 30. Bxe6 Bxf2+ 31. Kg2 Qxe6 32. Qxe6 Rxe6 33. Rxf2 Rxf2+ 34.
Kxf2 dxc5 35. Rxc5 Kf6 36. Kf3 Rc6 37. Rf5+ Kg6 38. Re5 Rc3+ 39. Kg2 Rxa3 40.
Rxe7 b5 41. Rb7 g4 42. h4 Kf6 43. Rh7 Ke5 44. Rxh5+ Kxe4 45. Rg5 Kf4 46. Rg6
Ra2+ 47. Kf1 Kg3 48. h5 Ra1+ 49. Ke2 Rh1 50. h6 Kf4 51. Rxa6 g3 52. Rf6+ Kg5 53.
Rb6 g2 54. Rxb5+ Kf4 55. h7 g1=Q 0-1

[Event "Titled Tue 17th Jun Early"]
[Site "chess.com INT"]
[Date "2025.06.17"]
[Round "2"]
[White "Laddha, Shubh Jayesh"]
[Black "Salimova, Asal"]
[Result "0-1"]
[WhiteTitle "FM"]
[BlackTitle "WCM"]
[WhiteElo "2303"]
[BlackElo "2063"]
[WhiteFideId "30942799"]
[BlackFideId "14204940"]
[EventDate "2025.06.17"]

1. d4 Nf6 2. Nc3 d5 3. Bf4 c5 4. e4 Nxe4 5. Nxe4 dxe4 6. dxc5 Nd7 7. Bc4 Qa5+ 8.
c3 Qxc5 9. Qb3 e6 10. O-O-O Be7 11. f3 Qf5 12. Be3 O-O 13. g4 Qg6 14. h4 exf3
15. Nxf3 Qxg4 16. Ng5 Ne5 17. Rd4 Qh5 18. Rg1 Nxc4 19. Qxc4 Bf6 20. Rdg4 e5 21.
R4g3 b5 22. Ne4 Bxh4 23. Rxg7+ Kh8 24. Qc5 Be6 25. Bg5 Bxg5+ 26. R7xg5 Qf3 27.
Qxe5+ f6 28. Qxe6 Qf4+ 29. Kb1 fxg5 30. a4 Rae8 31. Qh6 Qxe4+ 32. Ka2 Qe6+ 33.
Qxe6 Rxe6 34. axb5 Rb6 35. Rxg5 Rfb8 36. c4 Rg6 37. Rd5 Rc8 38. b3 a6 39. Ka3
axb5 40. Rxb5 Ra8+ 41. Kb2 Rg2+ 42. Kc3 Rd8 43. Rf5 Rg3+ 44. Kc2 Rb8 45. c5
Rgxb3 46. c6 R3b6 47. c7 Rc8 48. Rf7 Rb7 0-1

[Event "Titled Tue 17th Jun Early"]
[Site "chess.com INT"]
[Date "2025.06.17"]
[Round "2"]
[White "Pranav, V"]
[Black "Williams, Simon K"]
[Result "0-1"]
[WhiteTitle "GM"]
[BlackTitle "GM"]
[WhiteElo "2595"]
[BlackElo "2444"]
[WhiteFideId "25060783"]
[BlackFideId "404454"]
[EventDate "2025.06.17"]

1. e4 e6 2. d3 c5 3. Nd2 Nc6 4. Ngf3 g6 5. h4 h6 6. g3 Bg7 7. Bg2 d6 8. O-O e5
9. Nc4 Nge7 10. c3 O-O 11. Nh2 f5 12. f4 Be6 13. Ne3 d5 14. exf5 Nxf5 15. Nxf5
Bxf5 16. h5 exf4 17. Bxf4 g5 18. Be3 d4 19. Bf2 Qd7 20. Qb3+ Kh8 21. Rad1 Rae8
22. cxd4 Nxd4 23. Qxb7 Qxb7 24. Bxb7 Re2 25. Bxd4 Bxd4+ 26. Kh1 Kg7 27. Bd5 Rxb2
28. Rde1 Rf2 29. Rxf2 Bxf2 30. Re7+ Kf6 31. Rxa7 Bxg3 32. Nf3 Bg4 33. Kg2 Bf4
34. Ra6+ Ke7 35. Rxh6 Rb8 36. Bb3 Rd8 37. Rh7+ Kd6 38. h6 Re8 39. Kf2 Re3 40.
Ne1 Re2+ 41. Kf1 Bg3 42. Ng2 Rf2+ 43. Kg1 Bf3 44. Ne3 Ke5 45. Rf7 g4 46. h7 Rh2
47. Re7+ Kf4 48. Rf7+ Kxe3 0-1

[Event "Titled Tue 17th Jun Early"]
[Site "chess.com INT"]
[Date "2025.06.17"]
[Round "2"]
[White "Gavarrete, Nahun"]
[Black "Jovic, Stanoje"]
[Result "0-1"]
[WhiteTitle "FM"]
[BlackTitle "FM"]
[WhiteElo "2281"]
[BlackElo "2096"]
[WhiteFideId "8400709"]
[BlackFideId "905020"]
[EventDate "2025.06.17"]

1. e4 c6 2. d4 d5 3. e5 c5 4. c3 Nc6 5. Nf3 cxd4 6. cxd4 Bg4 7. Be2 Bxf3 8. Bxf3
e6 9. Be3 Qb6 10. Qd2 Nge7 11. Nc3 Nf5 12. Rd1 Bb4 13. O-O O-O 14. Qd3 Nxe3 15.
fxe3 Bxc3 16. bxc3 Rac8 17. Rb1 Qc7 18. e4 Ne7 19. Rfc1 a6 20. a4 Rfd8 21. Rb3
Qd7 22. Rcb1 Rc7 23. h3 g6 24. R1b2 Rdc8 25. Qb1 dxe4 26. Bxe4 Rxc3 27. Rxc3
Qxd4+ 28. Kh1 Rxc3 29. Rxb7 Qc5 30. Qb4 Rc1+ 31. Kh2 Qxe5+ 32. g3 Rc3 33. Rb8+
Kg7 34. Qb2 Qxg3+ 35. Kh1 Qxh3+ 36. Kg1 Qg3+ 37. Bg2 e5 38. Rb4 Re3 39. Qf2 Re1+
40. Qf1 Rxf1+ 41. Kxf1 Nf5 42. Re4 Ne3+ 43. Ke2 Nxg2 44. Rb4 Nf4+ 45. Kd2 Qd3+
46. Kc1 Qc3+ 47. Kd1 Qxb4 48. Kc2 Qxa4+ 49. Kd2 Qb3 50. Ke1 Qb2 51. Kf1 a5 52.
Kg1 Qg2# 0-1

[Event "Titled Tue 17th Jun Early"]
[Site "chess.com INT"]
[Date "2025.06.17"]
[Round "2"]
[White "Mai, Alexander Oliver"]
[Black "Yezhel, Valiantsin"]
[Result "0-1"]
[WhiteTitle "CM"]
[BlackTitle "FM"]
[WhiteElo "2171"]
[BlackElo "2256"]
[WhiteFideId "2313391"]
[BlackFideId "13504983"]
[EventDate "2025.06.17"]

1. e4 c5 2. Nf3 g6 3. d4 cxd4 4. Nxd4 Bg7 5. c4 Nc6 6. Be3 Qb6 7. Nb3 Qd8 8. Nd4
Nf6 9. Nc3 Ng4 10. Qxg4 Bxd4 11. Bxd4 Nxd4 12. O-O-O e5 13. Qg3 d6 14. h4 Be6
15. Kb1 Qf6 16. h5 g5 17. Bd3 O-O-O 18. Ne2 Nc6 19. Qe3 h6 20. Rc1 Kb8 21. f3
Rhg8 22. g4 Rc8 23. a3 Rgd8 24. Rhd1 Na5 25. c5 Nb3 26. cxd6 Nxc1 27. Rxc1 Rxc1+
28. Nxc1 Rxd6 29. Be2 Qd8 30. Nd3 f6 31. Nc5 Bf7 32. Qc3 Qc7 33. Qb4 a5 34. Qb5
Ka7 35. b4 axb4 36. axb4 Qc6 37. Qa5+ Kb8 38. Bb5 Qc7 39. Qa4 Be6 40. Be2 Bc8
41. Qb5 b6 42. Bc4 Rd4 43. Bd5 Qa7 44. Nb3 Rd1+ 45. Kc2 Rg1 46. Qc6 Qc7 47.
Qxc7+ Kxc7 48. Nd2 Bb7 0-1

[Event "Titled Tue 17th Jun Early"]
[Site "chess.com INT"]
[Date "2025.06.17"]
[Round "2"]
[White "Pavlov, Nikolay"]
[Black "Mitrabha, Guha"]
[Result "1/2-1/2"]
[WhiteTitle "FM"]
[BlackTitle "GM"]
[WhiteElo "2316"]
[BlackElo "2515"]
[WhiteFideId "24141470"]
[BlackFideId "5057000"]
[EventDate "2025.06.17"]

1. e4 c6 2. d4 d5 3. e5 Bf5 4. h4 h5 5. c4 e6 6. Nc3 Bb4 7. Ne2 Ne7 8. a3 Bxc3+
9. Nxc3 Nd7 10. cxd5 cxd5 11. Be2 Bg6 12. Bg5 f6 13. exf6 gxf6 14. Bf4 Qb6 15.
Na4 Qd8 16. Rc1 Nc6 17. b4 Rc8 18. O-O Kf7 19. Qd2 Ne7 20. Rxc8 Qxc8 21. Rc1 Qd8
22. Bc7 Qa8 23. Bb5 Nb6 24. Nxb6 axb6 25. Bxb6 Qxa3 26. Bd7 Bf5 27. Rc7 Rg8 28.
Kh2 Rxg2+ 29. Kxg2 Qh3+ 30. Kg1 Be4 31. f3 Qxf3 32. Bb5 Qh1+ 33. Kf2 Qxh4+ 34.
Kf1 Qh1+ 35. Kf2 Qg2+ 36. Ke1 Qg1+ 37. Bf1 Qg3+ 38. Qf2 Qb3 39. Qd2 Qg3+ 40. Kd1
Qf3+ 41. Qe2 Qb3+ 42. Kc1 Qa3+ 43. Qb2 Qe3+ 44. Qd2 Qa3+ 45. Kd1 Qb3+ 46. Ke1
Qg3+ 1/2-1/2

[Event "Titled Tue 17th Jun Early"]
[Site "chess.com INT"]
[Date "2025.06.17"]
[Round "2"]
[White "Panin, Mikhail"]
[Black "Ziegler, Ari"]
[Result "1/2-1/2"]
[WhiteTitle "CM"]
[BlackTitle "IM"]
[WhiteElo "2255"]
[BlackElo "2297"]
[WhiteFideId "34164992"]
[BlackFideId "1700987"]
[EventDate "2025.06.17"]

1. Nf3 g6 2. e4 Bg7 3. d4 d6 4. Be2 Nf6 5. Nc3 Bg4 6. h3 Bxf3 7. Bxf3 c6 8. O-O
O-O 9. Bf4 Nfd7 10. Qd2 e5 11. dxe5 dxe5 12. Bg5 Bf6 13. Bh6 Re8 14. Rfd1 Qc7
15. a4 Nc5 16. Bg4 Nba6 17. Be3 Ne6 18. Qd7 Nd4 19. Qxc7 Nxc7 20. Rac1 Nce6 21.
Be2 Red8 22. Bc4 b6 23. Kf1 Bg7 24. f3 Bf8 25. Ne2 Nxc2 26. Rxc2 Rxd1+ 27. Kf2
Bc5 28. Bxe6 Bxe3+ 29. Kxe3 fxe6 30. Rxc6 Rb1 31. Rxe6 Rxb2 32. Rxe5 Rc8 33. Nd4
Rc3+ 34. Kf4 Rxg2 35. Re7 Rc5 36. Ne6 g5+ 37. Ke3 Rc3+ 38. Kd4 Ra3 39. Rg7+ Kh8
40. Rxa7 h6 41. Ke5 Rxf3 42. Nd4 Rf8 43. Ne6 Re8 44. Rb7 Rc2 45. Rxb6 Rc5+ 46.
Kf6 Ra5 47. e5 Ra7 48. a5 Kg8 49. a6 Rf7+ 50. Kg6 Rfe7 51. Kf6 Rf7+ 52. Kg6 Rfe7
53. Kf5 Rf7+ 54. Ke4 Rfe7 55. Kd5 Rd7+ 56. Ke4 Rde7 57. Kf5 Rf7+ 58. Kg6 1/2-1/2

[Event "Titled Tue 17th Jun Early"]
[Site "chess.com INT"]
[Date "2025.06.17"]
[Round "2"]
[White "Arslanov, Shamil"]
[Black "Shimanov, Aleksandr"]
[Result "1-0"]
[WhiteTitle "IM"]
[BlackTitle "GM"]
[WhiteElo "2410"]
[BlackElo "2578"]
[WhiteFideId "4192826"]
[BlackFideId "4198603"]
[EventDate "2025.06.17"]

1. d4 d5 2. e4 c6 3. Nc3 g6 4. Be3 Bg7 5. Qd2 dxe4 6. f3 e5 7. Nxe4 exd4 8. Bg5
Qc7 9. O-O-O Be6 10. Ne2 c5 11. Nf4 h6 12. Nxe6 fxe6 13. Bc4 e5 14. Bxg8 Rxg8
15. Bxh6 Bxh6 16. Qxh6 Qe7 17. Rhe1 Nc6 18. Qh3 Kf8 19. f4 Kg7 20. fxe5 Qxe5 21.
Ng3 Qg5+ 22. Kb1 Rad8 23. Ne4 Qf5 24. Qb3 Rd7 25. g4 Qd5 26. Qg3 Re8 27. Nd2
Rde7 28. Rf1 c4 29. Nf3 c3 30. h4 Qb5 31. b3 Qc5 32. Qf4 Rf7 33. Qc1 Ref8 34.
Ng5 Re7 35. Rxf8 Kxf8 36. Rf1+ Ke8 37. h5 gxh5 38. gxh5 d3 39. h6 d2 40. h7 Rxh7
41. Qd1 Qa3 42. Qe2+ Kd8 43. Rf8+ Kc7 44. Ne6+ Kb6 45. Qe3+ Ka5 46. Qg5+ Kb6 47.
Qe3+ Kb5 48. Rf5+ Ka6 49. Qd3+ b5 50. Qxb5# 1-0

[Event "Titled Tue 17th Jun Early"]
[Site "chess.com INT"]
[Date "2025.06.17"]
[Round "2"]
[White "Aakash Sharadchandra, Dalvi"]
[Black "Oppezzo, Sebastian"]
[Result "1-0"]
[WhiteTitle "FM"]
[WhiteElo "2396"]
[BlackElo "2177"]
[WhiteFideId "25033220"]
[BlackFideId "112321"]
[EventDate "2025.06.17"]

1. d4 g6 2. Nc3 Bg7 3. Bf4 d6 4. Qd2 Nf6 5. O-O-O c6 6. f3 Qa5 7. e4 b5 8. Kb1
Nbd7 9. e5 Nh5 10. exd6 Nxf4 11. Qxf4 b4 12. Ne4 O-O 13. dxe7 Re8 14. Nd6 Rxe7
15. Bc4 Nf6 16. Ne2 Be6 17. Rhe1 Rd8 18. Nc1 Qc7 19. Nf5 Qxf4 20. Nxe7+ Kf8 21.
Nxc6 Rd6 22. Bxe6 Rxe6 23. Ne5 Nd5 24. g3 Qh6 25. h4 Bxe5 26. dxe5 Ne3 27. Rd8+
Kg7 28. f4 Nc4 29. Rd4 Nb6 30. Red1 Qh5 31. Nb3 Qf3 32. R4d3 Qc6 33. Nd4 Qc4 34.
Nxe6+ fxe6 35. b3 Qc5 36. Kb2 Nd5 37. R1d2 a5 38. Rd4 a4 39. bxa4 Qa5 40. Kb3
Nc3 41. Rxb4 Nxa2 42. Rb7+ Kh6 43. Rdd7 Qc3+ 44. Kxa2 Qxc2+ 45. Ka3 Qc3+ 46. Rb3
Qc5+ 47. Kb2 1-0